[Event "Mecklenburg VP VL1819"]
[Site "Mecklenburg VP"]
[Date "2019.03.24"]
[Round "8.8"]
[White "Fenske, Harald"]
[Black "Onasch, Paul"]
[Result "0-1"]
[WhiteElo "1583"]
[BlackElo "1939"]
[PlyCount "88"]
[EventDate "2018.10.21"]
[EventType "team-tourn"]
[EventRounds "9"]
[EventCountry "GER"]
[SourceTitle "EXT 2022"]
[Source "ChessBase"]
[SourceDate "2021.10.06"]
[SourceVersion "1"]
[SourceVersionDate "2021.10.06"]
[SourceQuality "1"]
[WhiteTeam "Warnemuende SF Ostsee"]
[BlackTeam "Torgelow Droegeheide"]
[WhiteTeamCountry "GER"]
[BlackTeamCountry "GER"]

1. e4 d5 2. exd5 Qxd5 3. Nc3 Qa5 4. Nf3 Nf6 5. Be2 c6 6. h3 Bf5 7. a3 e6 8. d3 Nbd7 9. Bd2 Qc7 10. Be3 Bd6 11. Qd2 h6 12. Nd4 Bg6 13. 0-0 0-0 14. Rab1 e5 15. Nb3 Rad8 16. Qc1 Nb6 17. Bd2 Bf5 18. Qe1 Rfe8 19. Be3 Nbd5 20. Nxd5 cxd5 21. Qc1 d4 22. Bd2 Be6 23. Na1 Ba2 24. c4 dxc3 25. Bxc3 Bxb1 26. Qxb1 Nd5 27. Bd2 Qb6 28. Bf3 Ne7 29. b4 Nf5 30. Nb3 Bf8 31. Rd1 Qb5 32. Be4 Nd4 33. Nxd4 exd4 34. Bf4 Bd6 35. Qc1 Bxf4 36. Qxf4 Rc8 37. Qd2 b6 38. Qb2 Rc3 39. Rc1 Rec8 40. Rxc3 Rxc3 41. Qa2 Qe5 42. g3 Rc7 43. f4 Qh5 44. Kg2 Qd1 0-1

[Event "Mecklenburg VP VL1819"]
[Site "Mecklenburg VP"]
[Date "2018.11.11"]
[Round "2.8"]
[White "Schumann, Lutz"]
[Black "Onasch, Paul"]
[Result "0-1"]
[WhiteElo "1756"]
[BlackElo "1939"]
[PlyCount "78"]
[EventDate "2018.10.21"]
[EventType "team-tourn"]
[EventRounds "9"]
[EventCountry "GER"]
[SourceTitle "EXT 2022"]
[Source "ChessBase"]
[SourceDate "2021.10.06"]
[SourceVersion "1"]
[SourceVersionDate "2021.10.06"]
[SourceQuality "1"]
[WhiteTeam "Graal Mueritz"]
[BlackTeam "Torgelow Droegeheide"]
[WhiteTeamCountry "GER"]
[BlackTeamCountry "GER"]

1. c4 e6 2. g3 Nf6 3. Bg2 d5 4. Nf3 c6 5. 0-0 Nbd7 6. d3 Bd6 7. Bg5 0-0 8. Nc3 h6 9. Bd2 Qe7 10. Nd4 dxc4 11. dxc4 Nb6 12. b3 e5 13. Nc2 Bf5 14. e4 Bg6 15. Ne3 Rad8 16. Qc2 Nbd7 17. Rfe1 Nc5 18. Nf5 Qc7 19. b4 Ne6 20. c5 Be7 21. Qb2 Nd4 22. Nxd4 Rxd4 23. Ne2 Rdd8 24. Bc3 Nd7 25. f4 f6 26. Rad1 a5 27. a3 axb4 28. axb4 b6 29. cxb6 Qxb6+ 30. Kh1 c5 31. bxc5 Qxb2 32. Bxb2 Bxc5 33. Rc1 exf4 34. Nxf4 Bf7 35. Bh3 Bb4 36. Re2 Rfe8 37. Rc7 Ne5 38. Kg1 Ba5 39. Rb7 Nc4 0-1

[Event "Mecklenburg VP VL 1718"]
[Site "Mecklenburg VP"]
[Date "2017.11.26"]
[Round "3.6"]
[White "Hantel, Thomas"]
[Black "Onasch, Paul"]
[Result "0-1"]
[WhiteElo "1626"]
[BlackElo "1935"]
[PlyCount "120"]
[EventDate "2017.10.08"]
[EventType "team-tourn"]
[EventRounds "9"]
[EventCountry "GER"]
[SourceTitle "EXT 2022"]
[Source "ChessBase"]
[SourceDate "2021.10.06"]
[SourceVersion "1"]
[SourceVersionDate "2021.10.06"]
[SourceQuality "1"]
[WhiteTeam "Rostock HSG Uni"]
[BlackTeam "Torgelow Droegeheide"]
[WhiteTeamCountry "GER"]
[BlackTeamCountry "GER"]

1. d4 d5 2. c4 e6 3. Nf3 Nf6 4. Nc3 c6 5. Bg5 Be7 6. e3 h6 7. Bh4 0-0 8. Bd3 dxc4 9. Bxc4 Nd5 10. Bxe7 Qxe7 11. 0-0 Nd7 12. e4 Nxc3 13. bxc3 e5 14. dxe5 Nxe5 15. Nxe5 Qxe5 16. Qd4 Re8 17. f3 Qc7 18. Rfd1 b5 19. Bb3 Be6 20. Bxe6 Rxe6 21. Rd2 Rc8 22. Rad1 c5 23. Qd7 Rc6 24. Qxc7 R8xc7 25. Kf2 Kf8 26. Ke3 Ke7 27. f4 Ra6 28. Rb1 Rb6 29. Rd5 a5 30. Kd3 a4 31. a3 Rd7 32. Rxd7+ Kxd7 33. e5 Kc6 34. Ke4 b4 35. cxb4 cxb4 36. axb4 a3 37. Ke3 a2 38. Ra1 Ra6 39. Kd3 Kb5 40. Kc3 Ra3+ 41. Kb2 Kxb4 42. Rxa2 Rxa2+ 43. Kxa2 Kc4 44. Kb2 Kd4 45. Kc2 g5 46. g3 gxf4 47. gxf4 h5 48. h4 Ke4 49. Kc3 Kxf4 50. Kd4 Kg4 51. Ke4 Kxh4 52. Kf4 Kh3 53. Kg5 Kg3 54. Kxh5 Kf4 55. Kh4 Kxe5 56. Kg3 Ke4 57. Kf2 Kf4 58. Kg2 f6 59. Kf2 f5 60. Kg2 Ke3 0-1

[Event "Mecklenburg VP VL 1415"]
[Site "Mecklenburg VP"]
[Date "2014.09.21"]
[Round "1.5"]
[White "Onasch, Paul"]
[Black "Mangold, Thomas"]
[Result "1/2-1/2"]
[WhiteElo "1975"]
[BlackElo "1922"]
[PlyCount "48"]
[EventDate "2014.09.21"]
[EventType "team-tourn"]
[EventRounds "9"]
[EventCountry "GER"]
[SourceTitle "EXT 2022"]
[Source "ChessBase"]
[SourceDate "2021.10.06"]
[SourceVersion "1"]
[SourceVersionDate "2021.10.06"]
[SourceQuality "1"]
[WhiteTeam "Torgelow Droegeheide"]
[BlackTeam "Rostock SSC 07 II"]
[WhiteTeamCountry "GER"]
[BlackTeamCountry "GER"]

1. d4 Nf6 2. Nf3 g6 3. Nbd2 d5 4. e3 c5 5. c3 Bg7 6. Bd3 Nc6 7. 0-0 0-0 8. dxc5 e5 9. e4 dxe4 10. Nxe4 Nxe4 11. Bxe4 Be6 12. Qe2 Qe7 13. Ng5 Bd7 14. Rd1 h6 15. Nf3 Rfd8 16. Bd5 Kh7 17. Qc4 Na5 18. Qe2 f5 19. b4 Ba4 20. Rd2 Nc6 21. Bb2 Rd7 22. Bb3 Bxb3 23. Rxd7 Qxd7 24. axb3 e4 1/2-1/2

[Event "Mecklenburg VP VL 1314"]
[Site "Mecklenburg VP"]
[Date "2014.03.16"]
[Round "7.3"]
[White "Onasch, Paul"]
[Black "Hammel, Ralf"]
[Result "1/2-1/2"]
[WhiteElo "2000"]
[BlackElo "1967"]
[PlyCount "86"]
[EventDate "2013.10.20"]
[EventType "team-tourn"]
[EventRounds "9"]
[EventCountry "GER"]
[SourceTitle "EXT 2022"]
[Source "ChessBase"]
[SourceDate "2021.10.06"]
[SourceVersion "1"]
[SourceVersionDate "2021.10.06"]
[SourceQuality "1"]
[WhiteTeam "Torgelow Droegeheide"]
[BlackTeam "Rostock HSG Uni"]
[WhiteTeamCountry "GER"]
[BlackTeamCountry "GER"]

1. d4 e6 2. Nf3 Nf6 3. e3 d5 4. Bd3 c5 5. c3 Nc6 6. Nbd2 Bd6 7. 0-0 0-0 8. dxc5 Bxc5 9. e4 Qc7 10. Qe2 Ng4 11. Nb3 Bd6 12. h3 Nge5 13. Nxe5 Nxe5 14. Bf4 Bd7 15. Bc2 Bc6 16. Nd4 Nf3+ 17. Nxf3 Bxf4 18. e5 f6 19. Rae1 a6 20. Bd3 Rae8 21. g3 Bxe5 22. Nxe5 fxe5 23. Qxe5 Qxe5 24. Rxe5 Rf3 25. Be2 Rf6 26. Bg4 Bb5 27. Rfe1 Kf7 28. f4 Bd3 29. Bf3 Bb5 30. Rd1 g6 31. Rd4 Rd8 32. Bd1 Rf5 33. Re3 Rf6 34. Bb3 Rd7 35. Rd2 h6 36. a4 Bc6 37. Rde2 Rd6 38. h4 b6 39. Re5 Rf5 40. R5e3 Rf6 41. Rd2 Rd7 42. Bc2 a5 43. Re5 b5 1/2-1/2

[Event "Mecklenburg VP VL 1314"]
[Site "Mecklenburg VP"]
[Date "2013.12.15"]
[Round "4.3"]
[White "Onasch, Paul"]
[Black "Luther, Alexander"]
[Result "0-1"]
[WhiteElo "2000"]
[BlackElo "1907"]
[PlyCount "100"]
[EventDate "2013.10.20"]
[EventType "team-tourn"]
[EventRounds "9"]
[EventCountry "GER"]
[SourceTitle "EXT 2022"]
[Source "ChessBase"]
[SourceDate "2021.10.06"]
[SourceVersion "1"]
[SourceVersionDate "2021.10.06"]
[SourceQuality "1"]
[WhiteTeam "Torgelow Droegeheide"]
[BlackTeam "Guestrow/Teterow"]
[WhiteTeamCountry "GER"]
[BlackTeamCountry "GER"]

1. d4 Nf6 2. Nf3 d5 3. e3 Bf5 4. c4 e6 5. Qb3 Nbd7 6. Nc3 dxc4 7. Bxc4 Nb6 8. Be2 Be7 9. 0-0 0-0 10. Bd2 Ne4 11. Rfd1 Bd6 12. Nxe4 Bxe4 13. Be1 Qf6 14. Nd2 Bd5 15. Qc2 Qh6 16. g3 f5 17. Bf3 Nd7 18. Bg2 Bxg2 19. Kxg2 Nf6 20. Nc4 g5 21. f3 f4 22. e4 g4 23. e5 gxf3+ 24. Kxf3 Qh5+ 25. Kg2 f3+ 26. Kg1 Ng4 27. h4 f2+ 28. Bxf2 Rxf2 29. Qe4 Be7 30. Rf1 Raf8 31. Ne3 Rxf1+ 32. Rxf1 Rxf1+ 33. Nxf1 Qf5 34. Qxf5 exf5 35. Kg2 c5 36. d5 Nxe5 37. Ne3 Kf7 38. Nxf5 Kf6 39. Ne3 Nd3 40. Kf3 Ke5 41. Kg4 Ke4 42. Nd1 Kxd5 43. Kf5 c4 44. h5 h6 45. Nc3+ Kd4 46. g4 Nxb2 47. Ne4 c3 48. g5 c2 49. gxh6 c1Q 50. h7 Qh6 0-1

[Event "Mecklenburg VP VL 1314"]
[Site "Mecklenburg VP"]
[Date "2013.11.10"]
[Round "2.3"]
[White "Onasch, Paul"]
[Black "Ruesch, Hans Joachim"]
[Result "1/2-1/2"]
[WhiteElo "2000"]
[BlackElo "1984"]
[PlyCount "31"]
[EventDate "2013.10.20"]
[EventType "team-tourn"]
[EventRounds "9"]
[EventCountry "GER"]
[SourceTitle "EXT 2022"]
[Source "ChessBase"]
[SourceDate "2021.10.06"]
[SourceVersion "1"]
[SourceVersionDate "2021.10.06"]
[SourceQuality "1"]
[WhiteTeam "Torgelow Droegeheide"]
[BlackTeam "Warnemuende SF Ostsee"]
[WhiteTeamCountry "GER"]
[BlackTeamCountry "GER"]

1. d4 g6 2. e4 Bg7 3. Nf3 c6 4. c3 d5 5. Bd3 dxe4 6. Bxe4 Nf6 7. Bd3 Bg4 8. h3 Bxf3 9. Qxf3 0-0 10. 0-0 Nbd7 11. Bf4 Nd5 12. Bc4 Nxf4 13. Qxf4 e5 14. dxe5 Nxe5 15. Na3 Qf6 16. Qxf6 1/2-1/2

[Event "Mecklenburg VP VL 1213"]
[Site "Mecklenburg VP"]
[Date "2013.01.13"]
[Round "5.7"]
[White "Piske, Thomas"]
[Black "Onasch, Paul"]
[Result "0-1"]
[WhiteElo "1776"]
[BlackElo "1980"]
[PlyCount "78"]
[EventDate "2012.10.14"]
[EventType "team-tourn"]
[EventRounds "9"]
[EventCountry "GER"]
[SourceTitle "EXT 2022"]
[Source "ChessBase"]
[SourceDate "2021.10.06"]
[SourceVersion "1"]
[SourceVersionDate "2021.10.06"]
[SourceQuality "1"]
[WhiteTeam "Wismar ASV Gruen-Weiss"]
[BlackTeam "Torgelow Droegeheide"]
[WhiteTeamCountry "GER"]
[BlackTeamCountry "GER"]

1. e4 d5 2. exd5 Qxd5 3. Nc3 Qa5 4. d4 c6 5. Bc4 Bf5 6. Nf3 e6 7. 0-0 Nf6 8. Re1 Nbd7 9. Bd2 Qc7 10. d5 cxd5 11. Bxd5 Bc5 12. Be4 Nxe4 13. Nxe4 Bxe4 14. Rxe4 Nf6 15. Re2 Rd8 16. Qe1 0-0 17. c3 Nd5 18. c4 Nf4 19. Bxf4 Qxf4 20. b3 Qd6 21. Rd2 Qb6 22. Rad1 Bb4 23. Rxd8 Bxe1 24. Rxf8+ Kxf8 25. Rxe1 Qa5 26. Re2 Qc3 27. Kf1 Qa1+ 28. Ne1 Qd1 29. f4 g6 30. g3 a5 31. Kf2 a4 32. Nf3 axb3 33. axb3 Qxb3 34. Nd2 Qb6+ 35. Kf3 Qd4 36. Kg2 h6 37. Kf3 g5 38. fxg5 hxg5 39. Ne4 g4+ 0-1

[Event "Mecklenburg VP VL 1112"]
[Site "Mecklenburg VP"]
[Date "2011.10.23"]
[Round "2.4"]
[White "Pererva, Viktor"]
[Black "Onasch, Paul"]
[Result "1/2-1/2"]
[WhiteElo "1897"]
[BlackElo "1977"]
[PlyCount "64"]
[EventDate "2011.10.02"]
[EventType "team-tourn"]
[EventRounds "9"]
[EventCountry "GER"]
[SourceTitle "EXT 2022"]
[Source "ChessBase"]
[SourceDate "2021.10.06"]
[SourceVersion "1"]
[SourceVersionDate "2021.10.06"]
[SourceQuality "1"]
[WhiteTeam "Rostock SSC 07 II"]
[BlackTeam "Torgelow Droegeheide"]
[WhiteTeamCountry "GER"]
[BlackTeamCountry "GER"]

1. e4 d5 2. exd5 Qxd5 3. Nc3 Qa5 4. d4 c6 5. Nf3 Nf6 6. Bd2 Bf5 7. Bc4 e6 8. 0-0 Nbd7 9. Qe2 Qc7 10. Ne5 Nxe5 11. dxe5 Nd5 12. Nxd5 exd5 13. Bd3 Bxd3 14. Qxd3 0-0-0 15. f4 Bc5+ 16. Kh1 g6 17. b4 Be7 18. a4 Qd7 19. Qd4 b6 20. Rfb1 Rdf8 21. c4 f6 22. c5 fxe5 23. fxe5 Qc7 24. cxb6 Qxb6 25. Be3 Qxd4 26. Bxd4 Rf4 27. Bxa7 Rxb4 28. Rxb4 Bxb4 29. Rb1 c5 30. Rc1 Kd7 31. Bxc5 Bxc5 32. Rxc5 Ke6 1/2-1/2

[Event "Mecklenburg VP LL2 Ost 0809"]
[Site "Mecklenburg VP"]
[Date "2009.03.29"]
[Round "9.1"]
[White "Onasch, Paul"]
[Black "Herholz, Holger"]
[Result "1-0"]
[WhiteElo "1926"]
[BlackElo "1889"]
[PlyCount "101"]
[EventDate "2008.09.28"]
[EventType "team-tourn"]
[EventRounds "9"]
[EventCountry "GER"]
[SourceTitle "EXT 2022"]
[Source "ChessBase"]
[SourceDate "2021.10.06"]
[SourceVersion "1"]
[SourceVersionDate "2021.10.06"]
[SourceQuality "1"]
[WhiteTeam "Torgelow Droegeheide"]
[BlackTeam "Warnemuende SF Ostsee II"]
[WhiteTeamCountry "GER"]
[BlackTeamCountry "GER"]

1. d4 Nf6 2. Nf3 g6 3. Nbd2 Bg7 4. e4 d6 5. Bc4 0-0 6. Qe2 e6 7. c3 Nbd7 8. 0-0 Qe7 9. Re1 c6 10. Bd3 e5 11. dxe5 Nxe5 12. Nxe5 dxe5 13. Nb3 a5 14. Be3 Re8 15. a4 Be6 16. Nc5 Bc8 17. Nb3 Be6 18. Nc5 Bc8 19. f3 b6 20. Nb3 Qc7 21. Rad1 Be6 22. Bc4 Bxc4 23. Qxc4 Rad8 24. Qe2 Rxd1 25. Rxd1 Rd8 26. Rxd8+ Qxd8 27. Qd2 Qxd2 28. Nxd2 Nd7 29. Nc4 c5 30. Kf2 f5 31. Bg5 fxe4 32. fxe4 Bf6 33. Bxf6 Nxf6 34. Nxb6 Nxe4+ 35. Ke2 Kf7 36. Nc4 Ke6 37. Nxa5 Kd5 38. Ke3 Nd6 39. b3 Nf5+ 40. Ke2 Nd6 41. Nc4 Ne4 42. Ne3+ Kc6 43. Kd3 Nf2+ 44. Kc4 Ne4 45. b4 Nd6+ 46. Kb3 e4 47. b5+ Kb7 48. Nd5 Nf5 49. Kc4 Nh4 50. Kxc5 Nxg2 51. Kd4 1-0

[Event "Mecklenburg VP LL2 Ost 0809"]
[Site "Mecklenburg VP"]
[Date "2008.11.30"]
[Round "3.1"]
[White "Onasch, Paul"]
[Black "Winkler, Karl"]
[Result "0-1"]
[WhiteElo "1926"]
[BlackElo "1771"]
[PlyCount "100"]
[EventDate "2008.09.28"]
[EventType "team-tourn"]
[EventRounds "9"]
[EventCountry "GER"]
[SourceTitle "EXT 2022"]
[Source "ChessBase"]
[SourceDate "2021.10.06"]
[SourceVersion "1"]
[SourceVersionDate "2021.10.06"]
[SourceQuality "1"]
[WhiteTeam "Torgelow Droegeheide"]
[BlackTeam "Neubrandenburg SG Eintracht II"]
[WhiteTeamCountry "GER"]
[BlackTeamCountry "GER"]

1. d4 Nf6 2. Nf3 e6 3. Bf4 c5 4. c3 Nc6 5. e3 d5 6. Bd3 Be7 7. 0-0 Nh5 8. Be5 f6 9. Ng5 g6 10. Nxh7 Kf7 11. Nxf6 Nxf6 12. Qf3 Qg8 13. Nd2 Qh7 14. h3 Qh5 15. Rfe1 Nxe5 16. Qxh5 Rxh5 17. dxe5 Nd7 18. f4 c4 19. Bc2 b5 20. Kh2 Rb8 21. a3 Nc5 22. Nf3 Bd7 23. g4 Rhh8 24. g5 a5 25. Kg3 b4 26. axb4 axb4 27. Ra7 b3 28. Bb1 Ra8 29. Rxa8 Rxa8 30. Nh4 Nd3 31. Bxd3 cxd3 32. Rd1 Bb5 33. Nf3 Ra2 34. Rd2 Bc5 35. Kf2 Ra1 36. Nd4 Bxd4 37. exd4 Rh1 38. Kg2 Rc1 39. Kf2 Rc2 40. Ke1 Kg7 41. Kd1 Ba4 42. Ke1 Kf7 43. Kd1 Rxc3 44. h4 Kg7 45. Ke1 Rc1+ 46. Rd1 Rc2 47. Rd2 Bb5 48. Kd1 Rc8 49. Ke1 Ra8 50. Kf2 Ra1 0-1

[Event "Mecklenburg VP LL 0708"]
[Site "Mecklenburg VP"]
[Date "2008.04.06"]
[Round "8.3"]
[White "Onasch, Paul"]
[Black "Rossmann, Andreas"]
[Result "0-1"]
[WhiteElo "1879"]
[BlackElo "2009"]
[PlyCount "78"]
[EventDate "2007.10.21"]
[EventType "team-tourn"]
[EventRounds "9"]
[EventCountry "GER"]
[SourceTitle "EXT 2016"]
[Source "ChessBase"]
[SourceDate "2015.10.08"]
[SourceVersion "1"]
[SourceVersionDate "2015.10.08"]
[SourceQuality "1"]
[WhiteTeam "Torgelow Droegeheide"]
[BlackTeam "Neubrandenburg SG Eintracht"]
[WhiteTeamCountry "GER"]
[BlackTeamCountry "GER"]

1. Nf3 c5 2. e3 e6 3. d4 Nf6 4. Be2 d5 5. 0-0 Nc6 6. c4 dxc4 7. dxc5 Bxc5 8. Qxd8+ Kxd8 9. Bxc4 Ke7 10. Nc3 a6 11. a3 b5 12. Be2 Bb7 13. b4 Bb6 14. Bb2 Rhd8 15. Rfd1 Rac8 16. Rxd8 Rxd8 17. Rd1 Rxd1+ 18. Nxd1 Bc7 19. Nd4 Ne5 20. Nb3 Ned7 21. Nd2 Nb6 22. Nc3 Nfd7 23. Nb3 f6 24. Nd2 Ne5 25. f4 Ned7 26. Kf2 e5 27. g3 f5 28. Nb3 g6 29. Nd2 Nd5 30. Nxd5+ Bxd5 31. Bd1 Ke6 32. a4 Bd6 33. Bc3 bxa4 34. Bxa4 Nb6 35. Bc2 e4 36. Bd1 Bc6 37. Nb3 Nd5 38. Nd4+ Kd7 39. Nxc6 Nxc3 0-1

[Event "Mecklenburg VP LL 0708"]
[Site "Mecklenburg VP"]
[Date "2007.10.21"]
[Round "1.3"]
[White "Onasch, Paul"]
[Black "Pawlick, Helmut"]
[Result "1-0"]
[WhiteElo "1879"]
[BlackElo "1936"]
[PlyCount "77"]
[EventDate "2007.10.21"]
[EventType "team-tourn"]
[EventRounds "9"]
[EventCountry "GER"]
[SourceTitle "EXT 2016"]
[Source "ChessBase"]
[SourceDate "2015.10.08"]
[SourceVersion "1"]
[SourceVersionDate "2015.10.08"]
[SourceQuality "1"]
[WhiteTeam "Torgelow Droegeheide"]
[BlackTeam "Stralsund FHSG"]
[WhiteTeamCountry "GER"]
[BlackTeamCountry "GER"]

1. d4 Nf6 2. Nf3 g6 3. Nbd2 d5 4. e3 Bg7 5. c4 0-0 6. b3 c5 7. Bb2 cxd4 8. Nxd4 Qa5 9. a3 dxc4 10. Bxc4 Rd8 11. 0-0 Bg4 12. f3 Bd7 13. Qe2 e5 14. b4 Qb6 15. N4b3 Re8 16. Kh1 Nc6 17. e4 Rad8 18. Rad1 Be6 19. Bxe6 Rxe6 20. Nc4 Qc7 21. Rxd8+ Nxd8 22. Rc1 Qe7 23. Nc5 Rc6 24. Nxe5 Rc7 25. Nc4 Bh6 26. Rd1 b6 27. Na6 Rc6 28. b5 Re6 29. Qd3 Nb7 30. Nb4 Bf8 31. Qd4 Bg7 32. Nc6 Qc7 33. Qd3 h5 34. Nxa7 Kh7 35. Nc6 h4 36. Qe3 Nc5 37. Be5 Qb7 38. Nd8 Qa6 39. Nxe6 1-0

[Event "GER-ch U25"]
[Site "Willingen"]
[Date "2007.06.01"]
[Round "9"]
[White "Onasch, Paul"]
[Black "Heider, Dirk"]
[Result "1-0"]
[WhiteElo "1990"]
[BlackElo "1862"]
[PlyCount "95"]
[EventDate "2007.05.26"]
[EventType "swiss"]
[EventRounds "9"]
[EventCountry "GER"]
[SourceTitle "CBM 118 Extra"]
[Source "ChessBase"]
[SourceDate "2007.07.04"]
[SourceVersion "1"]
[SourceVersionDate "2007.07.04"]
[SourceQuality "1"]

1. d4 d5 2. Nf3 Nf6 3. e3 e6 4. Bd3 c5 5. c3 Nc6 6. Nbd2 Bd6 7. 0-0 0-0 8. dxc5 Bxc5 9. e4 Ng4 10. Qe2 Nge5 11. Bc2 d4 12. Nxe5 Nxe5 13. cxd4 Bxd4 14. Nb3 Bb6 15. Be3 Bxe3 16. Qxe3 Ng4 17. Qg3 e5 18. h3 Qc7 19. Rac1 Nh6 20. Bd3 Qe7 21. Rc5 f6 22. Rfc1 Nf7 23. Bc4 Be6 24. Bxe6 Qxe6 25. Qc3 Nd6 26. f3 Rac8 27. Qb4 b6 28. Rc6 Rfd8 29. Kf2 Rxc6 30. Rxc6 Qd7 31. Qc3 Qe7 32. Ke2 Kf8 33. a4 Ke8 34. Nc1 Kf8 35. Nd3 h6 36. Nb4 g5 37. Nd5 Qf7 38. Qb4 Qe6 39. g4 Kg7 40. Ne3 Kg6 41. Nf5 Rc8 42. Rxd6 Qe8 43. Qb5 Qxb5+ 44. axb5 Rc7 45. Rc6 Rd7 46. Rc8 Kh7 47. Re8 Kg6 48. Re7 1-0

[Event "GER-ch U25"]
[Site "Willingen"]
[Date "2007.05.31"]
[Round "8"]
[White "Zentgraf, Robert"]
[Black "Onasch, Paul"]
[Result "1/2-1/2"]
[WhiteElo "2110"]
[BlackElo "1990"]
[PlyCount "49"]
[EventDate "2007.05.26"]
[EventType "swiss"]
[EventRounds "9"]
[EventCountry "GER"]
[SourceTitle "CBM 118 Extra"]
[Source "ChessBase"]
[SourceDate "2007.07.04"]
[SourceVersion "1"]
[SourceVersionDate "2007.07.04"]
[SourceQuality "1"]

1. e4 d5 2. exd5 Qxd5 3. Nc3 Qa5 4. d4 Bf5 5. Nf3 c6 6. Bc4 Nf6 7. Bd2 e6 8. Qe2 Bb4 9. 0-0-0 Nbd7 10. a3 Bxc3 11. Bxc3 Qc7 12. Ne5 Nxe5 13. Qxe5 0-0-0 14. f3 h5 15. Rhe1 Qxe5 16. dxe5 Nd5 17. Bxd5 Rxd5 18. Rxd5 cxd5 19. Bd4 a6 20. Re3 Kc7 21. Rc3+ Kd7 22. Bb6 Rc8 23. Kd2 Rxc3 24. Kxc3 f6 25. Bd4 1/2-1/2

[Event "GER-ch U25"]
[Site "Willingen"]
[Date "2007.05.28"]
[Round "3"]
[White "Onasch, Paul"]
[Black "Nuber, Korbinian"]
[Result "1/2-1/2"]
[WhiteElo "1990"]
[BlackElo "2110"]
[PlyCount "50"]
[EventDate "2007.05.26"]
[EventType "swiss"]
[EventRounds "9"]
[EventCountry "GER"]
[SourceTitle "CBM 118 Extra"]
[Source "ChessBase"]
[SourceDate "2007.07.04"]
[SourceVersion "1"]
[SourceVersionDate "2007.07.04"]
[SourceQuality "1"]

1. d4 g6 2. Nf3 Bg7 3. e4 d6 4. Bd3 Nf6 5. c3 Nbd7 6. Nbd2 e5 7. dxe5 Nxe5 8. Nxe5 dxe5 9. Qe2 c6 10. 0-0 Bh6 11. Nc4 Bxc1 12. Raxc1 Qe7 13. Rfd1 0-0 14. Bc2 Nh5 15. g3 Bh3 16. Ne3 Qg5 17. Kh1 Kh8 18. Rd2 Rae8 19. Bd1 Rd8 20. Rcc2 Nf6 21. f3 Be6 22. b3 Nh5 23. Rxd8 Rxd8 24. Rd2 Qe7 25. b4 Nf6 1/2-1/2

[Event "Mecklenburg VP LL1 0607"]
[Site "Mecklenburg VP"]
[Date "2007.04.01"]
[Round "8.2"]
[White "Onasch, Paul"]
[Black "Stork, Michael"]
[Result "0-1"]
[WhiteElo "1842"]
[BlackElo "1953"]
[PlyCount "60"]
[EventDate "2006.10.15"]
[EventType "team"]
[EventRounds "9"]
[EventCountry "GER"]
[SourceTitle "EXT 2008"]
[Source "ChessBase"]
[SourceDate "2007.11.25"]
[SourceVersion "1"]
[SourceVersionDate "2007.11.25"]
[SourceQuality "1"]
[WhiteTeam "Wolgast Motor"]
[BlackTeam "Waren"]
[WhiteTeamCountry "GER"]
[BlackTeamCountry "GER"]

1. d4 Nf6 2. Nf3 g6 3. Nbd2 d5 4. e3 Bg7 5. Bd3 0-0 6. 0-0 Nbd7 7. c3 c5 8. Re1 a6 9. Bc2 Qc7 10. e4 cxd4 11. Nxd4 Re8 12. exd5 Nxd5 13. N2f3 N7f6 14. Bb3 e6 15. Bg5 b6 16. Qe2 Bb7 17. Ne5 Nh5 18. Bd2 Ndf4 19. Bxf4 Nxf4 20. Qe3 Nxg2 21. Qg3 Nxe1 22. Rxe1 Rad8 23. f4 Qc5 24. Re3 Rxd4 25. cxd4 Qxd4 26. Qf2 Rc8 27. h3 Bd5 28. Bxd5 Qxd5 29. Re1 Bf8 30. Qh4 Rc2 0-1

[Event "Mecklenburg VP LL1 0607"]
[Site "Mecklenburg VP"]
[Date "2006.10.29"]
[Round "2.2"]
[White "Sommer, Stefan"]
[Black "Onasch, Paul"]
[Result "0-1"]
[WhiteElo "1745"]
[BlackElo "1842"]
[PlyCount "72"]
[EventDate "2006.10.15"]
[EventType "team"]
[EventRounds "9"]
[EventCountry "GER"]
[SourceTitle "EXT 2008"]
[Source "ChessBase"]
[SourceDate "2007.11.25"]
[SourceVersion "1"]
[SourceVersionDate "2007.11.25"]
[SourceQuality "1"]
[WhiteTeam "Bergen Rugia"]
[BlackTeam "Wolgast Motor"]
[WhiteTeamCountry "GER"]
[BlackTeamCountry "GER"]

1. e4 d5 2. exd5 Qxd5 3. Nc3 Qa5 4. d4 c6 5. Nf3 Bf5 6. Bd2 e6 7. Bc4 Qc7 8. 0-0 Nf6 9. h3 Nbd7 10. Re1 Bd6 11. Bb3 h6 12. d5 cxd5 13. Bxd5 Nxd5 14. Nxd5 Qc6 15. Bc3 0-0 16. Qd4 f6 17. Ne3 Bc5 18. Nxf5 Bxd4 19. Ne7+ Kf7 20. Nxc6 Bxc3 21. bxc3 bxc6 22. Nd4 e5 23. Nxc6 Rfc8 24. Red1 Ke6 25. Nb4 Rxc3 26. Rd2 Nb6 27. Rad1 Rac8 28. Rd6+ Kf7 29. a4 R3c4 30. c3 Nxa4 31. Rd7+ Kg6 32. Nd5 Nxc3 33. Ne7+ Kh7 34. Nxc8 Nxd1 35. Nxa7 Rc1 36. Nb5 Nc3+ 0-1

[Event "GER-ch op U25"]
[Site "Willingen"]
[Date "2006.06.06"]
[Round "6"]
[White "Albers, Damian"]
[Black "Onasch, Paul"]
[Result "0-1"]
[WhiteElo "1978"]
[BlackElo "1798"]
[PlyCount "78"]
[EventDate "2006.06.04"]
[EventType "swiss"]
[EventRounds "9"]
[EventCountry "GER"]
[SourceTitle "EXT 2007"]
[Source "ChessBase"]
[SourceDate "2006.11.23"]
[SourceVersion "1"]
[SourceVersionDate "2006.11.23"]
[SourceQuality "1"]

1. e4 d5 2. exd5 Qxd5 3. Nc3 Qa5 4. d4 c6 5. Bc4 Bf5 6. Bd2 e6 7. Qe2 Bb4 8. g4 Bg6 9. f4 Ne7 10. 0-0-0 Nd7 11. a3 Bxc3 12. Bxc3 Qc7 13. f5 exf5 14. Re1 Nb6 15. Bb4 0-0-0 16. Bxe7 Rde8 17. gxf5 Qf4+ 18. Kb1 Bxf5 19. Bxf7 Bxc2+ 20. Qxc2 Qxf7 21. Bh4 Rxe1+ 22. Bxe1 Qd5 23. Nf3 Qxf3 24. Rg1 g6 25. Bg3 Re8 26. Be5 Nd7 27. Bg3 Qe4 28. Qxe4 Rxe4 29. Re1 Rxe1+ 30. Bxe1 Nf6 31. Kc2 Kd7 32. Kd3 Ke6 33. Kc4 g5 34. a4 h5 35. b4 Ne4 36. b5 cxb5+ 37. axb5 h4 38. Kd3 Kd5 39. Ke3 Nd6 0-1